| 000 | 00979nam a22002891 4500 | ||
|---|---|---|---|
| 001 | 134567 | ||
| 003 | ES-MaACL | ||
| 005 | 20240228185852.0 | ||
| 007 | t| | ||
| 008 | 070912s1971 sp ||||0| spa d | ||
| 016 | 7 | _zIND2000944600 | |
| 040 |
_aM-BN _bspa _cCDM |
||
| 080 | _a81:1 | ||
| 100 | 1 |
_aWhorf, Benjamin Lee. _9116725 |
|
| 245 | 1 | 0 |
_aLenguaje, pensamiento y realidad _b: selección de escritos / _cprólogo de Stuart Chase ; introducción de John B. Carroll ; [traducción de José M. Pomares]. |
| 250 | _a1ª ed. | ||
| 260 |
_aBarcelona : _bBarral, _c1971. |
||
| 300 |
_a306 p., 3 h : _bil ; _c23 cm. |
||
| 490 | 1 |
_aBreve biblioteca de reforma ; _v4 |
|
| 650 | 4 |
_aLenguaje- _xFilosofía. _914344 |
|
| 700 | 0 |
_aPomares, José M., _d1943- _992903 |
|
| 700 | 1 |
_aCarroll, John B. _935842 |
|
| 700 | 1 |
_aChase, Stuart. _938153 |
|
| 830 | 0 |
_aBreve biblioteca de reforma _v4 _9186650 |
|
| 852 |
_aES-MaACL _jC-38228 _bR.78851 |
||
| 999 |
_c134567 _d134567 |
||